000
00307nam a22001217a 4500
082
_a
658.407 SPR'E
100
_a
SCHULZ, EDWARD,SPRIEGEL, WILLIAM B,SPRIEGEL, WILLIAM R
_9
80655
245
_a
ELEMENTS OF SUPERVISION
250
_a
2ND
260
_a
NEWYORK
_b
JOHN WILEY
_c
1957
300
_a
349P
942
_c
BK
999
_c
585551
_d
585551